Giáo trình ứng dụng tin học Vi mạch và mạch tạo sóng

Cuốn sách này liên quan chủ yếu đến các mạch và các kĩ thuật tạo sóng. Sách giới thiệu 300 mạch cùng với các giản đồ xung và bảng biểu. Sách thích hợp cho các SV, Kĩ thuật viên, công nhân và thợ sửa chữa thuộc các ngành KTĐ... cũng như như...

Deskribapen osoa

Gorde:
Xehetasun bibliografikoak
Egile nagusia: Tống Văn On
Formatua: Liburua
Hizkuntza:Undetermined
Argitaratua: Hà Nội Giáo dục 2000
Gaiak:
Etiketak: Etiketa erantsi
Etiketarik gabe, Izan zaitez lehena erregistro honi etiketa jartzen!
Thư viện lưu trữ: Trung tâm Học liệu Trường Đại học Cần Thơ
LEADER 00979nam a2200193Ia 4500
001 CTU_40582
008 210402s9999 xx 000 0 und d
082 |a 621.381 
082 |b O.430 
100 |a Tống Văn On 
245 0 |a Giáo trình ứng dụng tin học 
245 0 |b Vi mạch và mạch tạo sóng 
245 0 |c Tống Văn On 
260 |a Hà Nội 
260 |b Giáo dục 
260 |c 2000 
520 |a Cuốn sách này liên quan chủ yếu đến các mạch và các kĩ thuật tạo sóng. Sách giới thiệu 300 mạch cùng với các giản đồ xung và bảng biểu. Sách thích hợp cho các SV, Kĩ thuật viên, công nhân và thợ sửa chữa thuộc các ngành KTĐ... cũng như những người hành nghề điện tử nghiệp dư. 
650 |a electronic circuits,electronics 
980 |a Trung tâm Học liệu Trường Đại học Cần Thơ